Power system voltage stability

Bibliographic Details
Main Author: Taylor, Carson W
Format: Book
Published: New York : McGraw-Hill , 1994
Series:Power System Engineering series
Subjects:

MARC

LEADER 00000cam a2200000 7i4500
001 0000002348
002 000002555
005 20000330.0
020 |a 0070631840 
090 0 0 |a 621.319   |b TAY 
100 1 |a Taylor, Carson W 
245 1 0 |a Power system voltage stability   |c Carson W.Taylor 
260 |a New York :   |b McGraw-Hill ,   |c 1994 
300 |a 273p. ;   |c 24cm. 
490 0 |a Power System Engineering series 
650 0 0 |a Electric power system stability 
999 |a 035591   |b BUKU   |c PINJAMAN   |e PERPUSTAKAAN KOMUNITI PETALING JAYA